Statistiken für 10 Größte Europäische Länder nach Fläche

Klicken Sie hier um das Quiz zu spielen!

Allgemein

  • Dieses Quiz wurde 22.018 mal gespielt
  • Das Durchschnittsergebnis liegt bei 10 aus 10

Antwortstatistiken

Fläche (km2)Land% Korrekt
357'168Deutschland
99%
551'500Frankreich
99%
3'960'000Russland
99%
505'992Spanien
98%
450'295Schweden
94%
301'336Italien
93%
312'685Polen
93%
603'500Ukraine
93%
323'802Norwegen
92%
338'145Finnland
91%

Verteilung der Resultate

Perzentil nach korrekt beantworteten Fragen

Anzahl Personen mit jedem Resultat

Ihre Resultats-Entwicklung

Sie haben dieses Quiz noch nicht gespielt